000 01028nam a2200253Ia 4500
003 OSt
005 20220923225346.0
006 a|||||r|||| 00| 0
007 ta
008 220922b |||||||| |||| 00| 0 hin d
024 _a264,035
037 _cTextual
040 _aARTS
_cARTS
_bhin
041 _2hin
_ahin
082 _aO15:g(V2:51), 152M9
100 _aशुक्ल, हीरालाल
_9156279
245 0 _aसंस्कृत का समाजशास्त्र
_b स्वतन्त्रता - संग्राम और संस्कृत - साहित्य
246 _aSanskṛut kā samājashāstra: svatantratā - sangrām aur sanskṛut - sāhitya
260 _aदिल्ली
_b भारतीय विद्या प्रकाशन
_c1989
300 _a365पृ.
_ccm.
650 _aसंस्कृत साहित्य
942 _hO15:g(V2:51), 152M9
_cTEXL
_2CC
999 _c377752
_d377752